<?xml version="1.0" encoding="UTF-8"?>
<record
    xmlns:xsi="http://www.w3.org/2001/XMLSchema-instance"
    xsi:schemaLocation="http://www.loc.gov/MARC21/slim http://www.loc.gov/standards/marcxml/schema/MARC21slim.xsd"
    xmlns="http://www.loc.gov/MARC21/slim">

  <leader>01010nam a2200205 i 4500</leader>
  <controlfield tag="003">CO-ViMGA</controlfield>
  <controlfield tag="005">20230915224422.0</controlfield>
  <controlfield tag="008">201103s2019    ck ||||| l|||f00| 0 spa d</controlfield>
  <datafield tag="040" ind1=" " ind2=" ">
    <subfield code="a">CO-ViMGA</subfield>
    <subfield code="b">spa</subfield>
    <subfield code="c">CO-ViMGA</subfield>
  </datafield>
  <datafield tag="043" ind1=" " ind2=" ">
    <subfield code="a">s-ck---</subfield>
  </datafield>
  <datafield tag="082" ind1="0" ind2="4">
    <subfield code="a">348.024 </subfield>
    <subfield code="b">C64n</subfield>
    <subfield code="2">22</subfield>
  </datafield>
  <datafield tag="110" ind1="1" ind2="2">
    <subfield code="a">Colombia</subfield>
    <subfield code="b">Jurisdiccion Especial para la Paz</subfield>
    <subfield code="9">152651</subfield>
  </datafield>
  <datafield tag="245" ind1="1" ind2="0">
    <subfield code="a">Normas basicas de la JEP</subfield>
    <subfield code="b">los actos legislativos, las leyes y los decretos ley mas importantes sobre la Jurisdiccion Especial para la Paz</subfield>
    <subfield code="c">Jurisdiccion Especial para la Paz</subfield>
  </datafield>
  <datafield tag="300" ind1=" " ind2=" ">
    <subfield code="a">414 paginas</subfield>
    <subfield code="b">24 cm</subfield>
  </datafield>
  <datafield tag="505" ind1="0" ind2="0">
    <subfield code="t">Actos legislativos 01 y 02 de 2017</subfield>
    <subfield code="t">Ley 1957. Estatutaria de la administracion de justicia</subfield>
    <subfield code="t">Ley 1820 .Amnistia e indulto</subfield>
    <subfield code="t">Ley 1922 .Normas de procedimiento</subfield>
    <subfield code="t">Decretos Ley 277, 706 ,775, 900, 903 de 2017</subfield>
  </datafield>
  <datafield tag="610" ind1="1" ind2="1">
    <subfield code="a">Colombia</subfield>
    <subfield code="b">Jurisdiccion Especial para la Paz</subfield>
    <subfield code="x">Legislacion</subfield>
    <subfield code="9">152837</subfield>
  </datafield>
  <datafield tag="650" ind1="1" ind2="7">
    <subfield code="2">LEMB</subfield>
    <subfield code="a">Acuerdos de paz</subfield>
    <subfield code="x">Legislacion</subfield>
    <subfield code="z">Colombia</subfield>
    <subfield code="9">152662</subfield>
  </datafield>
  <datafield tag="650" ind1="1" ind2="7">
    <subfield code="2">LEMB</subfield>
    <subfield code="a">Procesos de paz</subfield>
    <subfield code="x">Legislacion</subfield>
    <subfield code="z">Colombia</subfield>
    <subfield code="9">152661</subfield>
  </datafield>
  <datafield tag="942" ind1=" " ind2=" ">
    <subfield code="2">ddc</subfield>
    <subfield code="c">BK</subfield>
  </datafield>
  <datafield tag="999" ind1=" " ind2=" ">
    <subfield code="c">11918</subfield>
    <subfield code="d">11918</subfield>
  </datafield>
  <datafield tag="952" ind1=" " ind2=" ">
    <subfield code="0">0</subfield>
    <subfield code="1">0</subfield>
    <subfield code="2">ddc</subfield>
    <subfield code="4">0</subfield>
    <subfield code="7">0</subfield>
    <subfield code="8">001</subfield>
    <subfield code="a">MEVIGACOM</subfield>
    <subfield code="b">MEVIGACOM</subfield>
    <subfield code="d">2021-03-05</subfield>
    <subfield code="g">20708.00</subfield>
    <subfield code="l">0</subfield>
    <subfield code="o">348.024 C64n</subfield>
    <subfield code="p">34491</subfield>
    <subfield code="r">2021-03-05 00:00:00</subfield>
    <subfield code="w">2021-03-05</subfield>
    <subfield code="y">BK</subfield>
  </datafield>
  <datafield tag="952" ind1=" " ind2=" ">
    <subfield code="0">0</subfield>
    <subfield code="1">0</subfield>
    <subfield code="2">ddc</subfield>
    <subfield code="4">0</subfield>
    <subfield code="7">0</subfield>
    <subfield code="8">002</subfield>
    <subfield code="a">MEVIECAR</subfield>
    <subfield code="b">MEVIECAR</subfield>
    <subfield code="d">2021-03-05</subfield>
    <subfield code="g">20708.00</subfield>
    <subfield code="l">0</subfield>
    <subfield code="o">348.024 C64n</subfield>
    <subfield code="p">3977</subfield>
    <subfield code="r">2021-08-03 00:00:00</subfield>
    <subfield code="w">2021-08-03</subfield>
    <subfield code="y">BK</subfield>
  </datafield>
  <datafield tag="952" ind1=" " ind2=" ">
    <subfield code="0">0</subfield>
    <subfield code="1">0</subfield>
    <subfield code="2">ddc</subfield>
    <subfield code="4">0</subfield>
    <subfield code="7">0</subfield>
    <subfield code="8">GEN</subfield>
    <subfield code="a">MESMARTI</subfield>
    <subfield code="b">MESMARTI</subfield>
    <subfield code="c">GEN</subfield>
    <subfield code="d">2025-07-02</subfield>
    <subfield code="l">0</subfield>
    <subfield code="o">348.024  C64n</subfield>
    <subfield code="p">SM04057</subfield>
    <subfield code="r">2025-07-02 09:31:25</subfield>
    <subfield code="t">Ej.1</subfield>
    <subfield code="w">2025-07-02</subfield>
    <subfield code="y">BK</subfield>
  </datafield>
  <datafield tag="952" ind1=" " ind2=" ">
    <subfield code="0">0</subfield>
    <subfield code="1">0</subfield>
    <subfield code="2">lcc</subfield>
    <subfield code="4">0</subfield>
    <subfield code="7">0</subfield>
    <subfield code="8">GEN</subfield>
    <subfield code="a">MEPCONCO</subfield>
    <subfield code="b">MEPCONCO</subfield>
    <subfield code="c">GEN</subfield>
    <subfield code="d">2026-02-06</subfield>
    <subfield code="l">0</subfield>
    <subfield code="o">348.024  C64n</subfield>
    <subfield code="p">PCON00759</subfield>
    <subfield code="r">2026-02-06 14:10:59</subfield>
    <subfield code="t">Ej.1</subfield>
    <subfield code="w">2026-02-06</subfield>
    <subfield code="y">BK</subfield>
  </datafield>
</record>
